Normal view
MARC view
Entry Topical Term
001 - CONTROL NUMBER
- control field: 15443
003 - CONTROL NUMBER IDENTIFIER
- control field: BD-RjUL
005 - DATE AND TIME OF LATEST TRANSACTION
- control field: 20250512162110.0
008 - FIXED-LENGTH DATA ELEMENTS
- fixed length control field: 250512|| aca||aabn | a|a d
040 ## - CATALOGING SOURCE
- Original cataloging agency: BD-RjUL
- Transcribing agency: BD-RjUL
150 ## - HEADING--TOPICAL TERM
- Topical term or geographic name entry element: Urdu poetry
- Chronological subdivision: 20th century
- General subdivision: History and criticism
670 ## - SOURCE DATA FOUND
- Source citation: Work cat.: (BD-RjUL)84915: خان ، کاظم علی ;; K̲h̲ān̲, Kāẓim ʻAlī 1938- 15442, ادبی مقالے ;; Adabī maqāle /, 1983.